| 000 | 00000nas##2200000za#4500 |
| 001 | 9.500112 |
| 003 | CaOODSP |
| 005 | 20200325101533 |
| 007 | cr ||||||||||| |
| 008 | 150406c1999||||xxc|| p o||||f| |0fre|d |
| 022 | |a1487-5039 |
| 040 | |aCaOODSP|bfre |
| 041 | |aeng |
| 041 | |afre |
| 043 | |an-cn--- |
| 086 | 1 |aSN2-11-IN |
| 110 | 1 |aCanada.|bBibliothèque nationale du Canada. |
| 245 | 10|aLivres à paraître : |h[ressource électronique]|bun produit du Programme canadien de catalogage avant publication |
| 260 | |aOttawa - Ontario : |bBibliothèque nationale du Canada |c1997-2003. |
| 310 | |aMensuel |
| 362 | 1 |a(Jan. 1997)-(Déc. 2003) |
| 500 | |a«Cette liste est préparée par la Bibliothèque nationale du Canada, qui coordonne le programme canadien du CIP (Catalogage avant publication). Le CIP fournit de l'information sur les livres de tous les éditeurs canadiens avant même leur publication, ce qui permet aux bibliothécaires et aux libraires de choisir, d'acheter et de cataloguer ces ouvrages.»--Page 1. «Livres à paraître est distribué par Quill and Quire à Toronto et Livre d'ici à Montréal.»--Page 1. |
| 520 | 3 |aCette liste est préparée par la Bibliothèque nationale du Canada, qui coordonne le programme canadien du CIP (Catalogage avant publication). Le CIP fournit de l'information sur les livres de tous les éditeurs canadiens avant même leur publication, ce qui permet aux bibliothécaires et aux libraires de choisir, d'acheter et de cataloguer ces ouvrages.--Page 1 Livres à paraître est distribué par Quill and Quire à Toronto et Livre d'ici à Montréal.--Page 1 |
| 546 | |aBilingue |
| 776 | 0#|tForthcoming books : |w(CaOODSP)9.508716 |
| 791 | |tForthcoming books |eeng|w(CaOODSP)9.500111 |